| 000 | 01386nam a2200205 4500 | ||
|---|---|---|---|
| 005 | 20250919111654.0 | ||
| 008 | 250916b |||||||| |||| 00| 0 eng d | ||
| 020 | _a9789349015265 | ||
| 041 | _aEnglish | ||
| 082 |
_a342 _bBAK |
||
| 100 |
_aBakshi P. M. _9213078 |
||
| 245 | _aThe Constitution of India | ||
| 250 | _a20th | ||
| 260 |
_aIndia _bLexisNexis _c2025 |
||
| 300 | _a610 | ||
| 365 |
_b360.00 _cRs.00 |
||
| 520 | _a1. Provisions 2. Preamble 3. The Union & Its Territory 4. Citizenship 5. Fundamental Rights 6. Directive Principles of State Policy 7. Fundamental Duties 8. The Union 9. The States 10. The States in Part B the First Schedule 11. The Union Territories 12. The Panchayats 13. The Municipalities 14. The Co-operative Societies 15. The Scheduled & Tribal Areas 16. Relation between the Union & the States 17. Finance, Property, Contracts & Suits 18. Trade, Commerce & Intercourse within the Territory of India 19. Services under the Union & the States 20. Tribunals 21. Elections 22. Special Provisions Relating to Certain Classes 23. Official Language 24. Emergency Provisions 25. Miscellaneous 26. Amendment of the Constitution 27. Temporary, Transitional & Special Provisions 28. Short Title, Commencement, Authoritative Text in Hindi & Repeals 29. Schedules 1 to 12 | ||
| 650 |
_aConstitutional Law _9213079 |
||
| 942 | _cBK | ||
| 999 |
_c367800 _d367800 |
||